000
00411nam a2200145Ia 4500
008
100204s9999 xx 000 0 und d
082
_b
7119
100
_a
वाड विजया
245
_a
वेगळी
260
_b
"डिंंंंप्ंाल पब्लिकेशन, वसई"
_c
1985
300
_a
176
630
_a
वेगळी
730
_a
वेगळी
942
_c
BOOK
999
_c
451556
_d
451553